000 00329 a2200157 4500
001 168951
020 _a
040 _cMagnum
100 _aUsberco, Joao
240 1 0 _aQuimica 1 - quimica geral
_lpor
245 1 0 _aQuimica 1 - quimica geral
362 0 _a1899
440 1 _aSaraiva
697 _aPARADIDATICO
942 _cBK
999 _c168951
_d168951